000 00648nam a22002057a 4500
999 _c19132
_d19132
003 AR-CdUCM
008 190227b ||||| |||| 00| 0 spa d
040 _aMUNICIPALIDAD PROVINCIAL DEL CUSCO
_cBIBLIOTECA MUNICIPAL DEL CUSCO
082 _a985.004 /
_bR81
100 _aRomero, Emilio
_91531
245 _aPerú por los senderos de América /
260 _aMexico :
_bLa Carpeta,
_c1955.
300 _a178 páginas ;
_c20 cm.
505 _aContenido: Primera parte -- Segunda Parte..
650 _aPerú.
_935
650 _aReligión.
_91195
650 _aCondiciones económicas.
_91989
942 _2ddc
_cLIBROS
945 _apjha
_d2019-05-16